000 00809nam a2200205Ii 4500
003 JO-AjNU
008 230605s9999||||xx |||||||||||||| ||und||
040 _aJO-AjNU
_bara
_erda
_cJO-AjNU
041 _aara
050 1 4 _aBP134.G6.M3388.1992
100 3 _aتأليف ، حسن، محمد كامل؛ مراجعة حسن تميم,
_eauthor
_915767
245 0 0 _aالموسوعة القرآنية : مكة والمدينة في القرآن الكريم
264 3 1 _aبيروت: المكتب العالمي للطباعة والنشر، 1992
300 _a121ص
336 _atext
_btxt
_2rdacontent
337 _aunmediated
_bn
_2rdamedia
338 _avolume
_bnc
_2rdacarrier
490 0 _aالموسوعة القرآنية
650 4 _aالأماكن المقدسة --القرآن -- تفاسير
_915768
999 _aA4529
_c8097
_d8097